[Event "DEM U14 2024"]
[Site "Willingen GER"]
[Date "2024.05.22"]
[Round "6"]
[White "Savchuk, Alexander"]
[Black "Schöne, Finn"]
[Result "1-0"]
[Termination "normal"]
[Board "20"]
[WhiteElo "1865"]
[BlackElo "1815"]
[WhiteClock "00:01:44"]
[BlackClock "00:31:00"]
[PlyCount "81"]
[WhiteFideId "34617434"]
[BlackFideId "34623493"]
[EventCountry "GER"]
[EventRounds "9"]
[EventType "swiss"]
[EventDate "2024.05.18"]

1. e4 {[%clk 01:30:48]} {[%emt 00:00:10]} c5 {[%clk 01:30:57]} {[%emt
00:00:04]} 2. Nf3 {[%clk 01:31:09]} {[%emt 00:00:10]} e6 {[%clk 01:31:22]}
{[%emt 00:00:04]} 3. d4 {[%clk 01:31:15]} {[%emt 00:00:23]} cxd4 {[%clk
01:31:48]} {[%emt 00:00:05]} 4. Nxd4 {[%clk 01:31:40]} {[%emt 00:00:06]} Nc6
{[%clk 01:32:13]} {[%emt 00:00:05]} 5. Nc3 {[%clk 01:32:00]} {[%emt 00:00:10]}
Qc7 {[%clk 01:32:39]} {[%emt 00:00:03]} 6. Be3 {[%clk 01:31:06]} {[%emt
00:01:23]} a6 {[%clk 01:33:07]} {[%emt 00:00:03]} 7. a3 {[%clk 01:31:30]}
{[%emt 00:00:07]} b5 {[%clk 01:32:47]} {[%emt 00:00:49]} 8. Nxc6 {[%clk
01:31:50]} {[%emt 00:00:10]} Qxc6 {[%clk 01:32:45]} {[%emt 00:00:32]} 9. Bd3
{[%clk 01:32:03]} {[%emt 00:00:18]} Bb7 {[%clk 01:32:29]} {[%emt 00:00:46]} 10.
O-O {[%clk 01:32:16]} {[%emt 00:00:16]} Nf6 {[%clk 01:31:38]} {[%emt 00:01:20]}
11. Qe2 {[%clk 01:31:48]} {[%emt 00:00:59]} d5 {[%clk 01:29:53]} {[%emt
00:02:16]} 12. exd5 {[%clk 01:31:37]} {[%emt 00:00:41]} Nxd5 {[%clk 01:29:59]}
{[%emt 00:00:23]} 13. Be4 {[%clk 01:24:27]} {[%emt 00:07:41]} Be7 {[%clk
01:22:27]} {[%emt 00:08:02]} 14. Bxd5 {[%clk 01:21:07]} {[%emt 00:03:49]} exd5
{[%clk 01:22:26]} {[%emt 00:00:31]} 15. Bd4 {[%clk 01:20:43]} {[%emt 00:00:54]}
Rd8 {[%clk 01:11:47]} {[%emt 00:11:10]} 16. Rae1 {[%clk 01:19:39]} {[%emt
00:01:34]} Rd7 {[%clk 01:11:19]} {[%emt 00:00:58]} 17. Bxg7 {[%clk 01:06:46]}
{[%emt 00:13:23]} d4 {[%clk 01:09:31]} {[%emt 00:02:17]} 18. f3 {[%clk
00:25:55]} {[%emt 00:41:21]} Rg8 {[%clk 01:04:36]} {[%emt 00:05:26]} 19. Bxd4
{[%clk 00:24:59]} {[%emt 00:01:25]} h5 {[%clk 01:03:35]} {[%emt 00:01:31]} 20.
Qf2 {[%clk 00:19:39]} {[%emt 00:05:50]} Kf8 {[%clk 01:00:42]} {[%emt 00:03:23]}
21. Ne4 {[%clk 00:19:03]} {[%emt 00:01:06]} Rd5 {[%clk 00:57:24]} {[%emt
00:03:48]} 22. Rd1 {[%clk 00:16:58]} {[%emt 00:02:35]} Rf5 {[%clk 00:55:32]}
{[%emt 00:02:22]} 23. Bc3 {[%clk 00:15:39]} {[%emt 00:01:49]} Qg6 {[%clk
00:54:35]} {[%emt 00:01:27]} 24. Ng3 {[%clk 00:14:08]} {[%emt 00:02:02]} Rg5
{[%clk 00:43:56]} {[%emt 00:11:09]} 25. Bd2 {[%clk 00:12:44]} {[%emt 00:05:22]}
Rc5 {[%clk 00:43:59]} 26. Ne4 {[%clk 00:09:06]} {[%emt 00:01:06]} Rxc2 {[%clk
00:43:51]} {[%emt 00:00:38]} 27. Bh6+ {[%clk 00:09:08]} {[%emt 00:00:28]} Qxh6
{[%clk 00:43:44]} {[%emt 00:00:37]} 28. Qxc2 {[%clk 00:09:33]} {[%emt
00:00:04]} h4 {[%clk 00:43:35]} {[%emt 00:00:39]} 29. Rd7 {[%clk 00:07:16]}
{[%emt 00:02:48]} h3 {[%clk 00:43:03]} {[%emt 00:01:02]} 30. g3 {[%clk
00:07:29]} {[%emt 00:00:17]} Bc6 {[%clk 00:43:14]} {[%emt 00:00:18]} 31. Rc7
{[%clk 00:07:07]} {[%emt 00:00:52]} Rg6 {[%clk 00:42:38]} {[%emt 00:01:06]} 32.
Qc3 {[%clk 00:03:55]} {[%emt 00:03:42]} f5 {[%clk 00:39:53]} {[%emt 00:03:15]}
33. Rc8+ {[%clk 00:03:07]} {[%emt 00:01:18]} Be8 {[%clk 00:39:36]} {[%emt
00:00:48]} 34. Nc5 {[%clk 00:02:13]} {[%emt 00:01:23]} Rd6 {[%clk 00:37:55]}
{[%emt 00:02:11]} 35. Re1 {[%clk 00:01:53]} {[%emt 00:00:50]} Rd2 {[%clk
00:33:18]} {[%emt 00:05:07]} 36. Rxe7 {[%clk 00:00:54]} {[%emt 00:01:29]} Rg2+
{[%clk 00:32:27]} {[%emt 00:01:21]} 37. Kh1 {[%clk 00:01:15]} {[%emt 00:00:09]}
Kxe7 {[%clk 00:29:56]} {[%emt 00:03:01]} 38. Qe5+ {[%clk 00:01:38]} {[%emt
00:00:07]} Kf7 {[%clk 00:30:12]} {[%emt 00:00:15]} 39. Qxe8+ {[%clk 00:01:44]}
{[%emt 00:00:23]} Kg7 {[%clk 00:30:39]} {[%emt 00:00:04]} 40. Qf8+ {[%clk
00:01:24]} {[%emt 00:00:48]} Kg6 {[%clk 00:31:00]} {[%emt 00:00:09]} 41. Rc6+
{[%clk 00:01:44]} {[%emt 00:00:11]} 1-0

[Event "DEM U14 2024"]
[Site "Willingen GER"]
[Date "2024.05.22"]
[Round "6"]
[White "Henn, Jakob"]
[Black "Pimenov, Danil"]
[Result "0-1"]
[Termination "normal"]
[Board "21"]
[WhiteElo "1760"]
[BlackElo "1863"]
[WhiteClock "00:00:34"]
[BlackClock "01:18:44"]
[PlyCount "72"]
[WhiteFideId "34675060"]
[BlackFideId "34600248"]
[EventCountry "GER"]
[EventRounds "9"]
[EventType "swiss"]
[EventDate "2024.05.18"]

1. e4 {[%clk 01:30:56]} {[%emt 00:00:03]} c5 {[%emt 00:00:12]} 2. Nf3 {[%clk
01:30:59]} {[%emt 00:00:19]} Nc6 {[%clk 01:31:21]} {[%emt 00:00:05]} 3. d4
{[%clk 01:31:18]} {[%emt 00:00:11]} cxd4 {[%clk 01:31:47]} {[%emt 00:00:04]} 4.
Nxd4 {[%clk 01:31:44]} {[%emt 00:00:04]} Nf6 {[%clk 01:32:13]} {[%emt
00:00:05]} 5. Nc3 {[%clk 01:32:05]} {[%emt 00:00:08]} e5 {[%clk 01:32:39]}
{[%emt 00:00:04]} 6. Ndb5 {[%clk 01:32:32]} {[%emt 00:00:04]} d6 {[%clk
01:33:05]} {[%emt 00:00:04]} 7. Bg5 {[%clk 01:32:58]} {[%emt 00:00:03]} a6
{[%clk 01:33:31]} {[%emt 00:00:04]} 8. Na3 {[%clk 01:33:26]} {[%emt 00:00:03]}
b5 {[%clk 01:33:58]} {[%emt 00:00:03]} 9. Nd5 {[%clk 01:33:43]} {[%emt
00:00:13]} Be7 {[%clk 01:34:23]} {[%emt 00:00:04]} 10. c4 {[%clk 01:33:28]}
{[%emt 00:00:45]} b4 {[%clk 01:34:26]} {[%emt 00:00:27]} 11. Bxf6 {[%clk
01:33:32]} {[%emt 00:00:27]} bxa3 {[%clk 01:31:45]} {[%emt 00:03:10]} 12. Bxe7
{[%clk 01:15:04]} {[%emt 00:18:59]} Nxe7 {[%clk 01:31:35]} {[%emt 00:00:40]}
13. Qa4+ {[%clk 01:03:40]} {[%emt 00:11:53]} Bd7 {[%clk 01:29:46]} {[%emt
00:02:19]} 14. Qxa3 {[%clk 01:02:43]} {[%emt 00:01:27]} Nxd5 {[%clk 01:29:44]}
{[%emt 00:00:32]} 15. cxd5 {[%clk 00:56:58]} {[%emt 00:06:14]} Qb6 {[%clk
01:29:28]} {[%emt 00:00:47]} 16. Bd3 {[%clk 00:51:19]} {[%emt 00:06:08]} O-O
{[%clk 01:28:32]} {[%emt 00:01:26]} 17. O-O {[%clk 00:49:20]} {[%emt 00:02:30]}
f5 {[%clk 01:28:43]} {[%emt 00:00:20]} 18. exf5 {[%clk 00:42:30]} {[%emt
00:07:20]} Bxf5 {[%clk 01:29:04]} {[%emt 00:00:09]} 19. Bxf5 {[%clk 00:38:59]}
{[%emt 00:04:00]} Rxf5 {[%clk 01:29:27]} {[%emt 00:00:07]} 20. Rac1 {[%clk
00:37:36]} {[%emt 00:01:53]} Raf8 {[%clk 01:28:55]} {[%emt 00:01:02]} 21. Rc2
{[%clk 00:34:53]} {[%emt 00:03:14]} e4 {[%clk 01:25:26]} {[%emt 00:03:59]} 22.
Re2 {[%clk 00:26:20]} {[%emt 00:09:02]} Rxd5 {[%clk 01:25:20]} {[%emt
00:00:36]} 23. Qe3 {[%clk 00:19:44]} {[%emt 00:07:07]} Qxe3 {[%clk 01:24:17]}
{[%emt 00:01:32]} 24. Rxe3 {[%clk 00:16:33]} {[%emt 00:03:41]} Rd4 {[%clk
01:18:17]} {[%emt 00:06:30]} 25. Ra3 {[%clk 00:13:36]} {[%emt 00:03:27]} Rb8
{[%clk 01:17:32]} {[%emt 00:01:15]} 26. Rxa6 {[%clk 00:12:04]} {[%emt
00:02:03]} Rxb2 {[%clk 01:17:54]} {[%emt 00:00:07]} 27. a4 {[%clk 00:10:42]}
{[%emt 00:01:52]} Rdd2 {[%clk 01:17:23]} {[%emt 00:01:00]} 28. Ra7 {[%clk
00:07:21]} {[%emt 00:03:52]} h6 {[%clk 01:17:10]} {[%emt 00:00:43]} 29. Re7
{[%clk 00:03:06]} {[%emt 00:04:44]} d5 {[%clk 01:17:32]} {[%emt 00:00:09]} 30.
h3 {[%clk 00:01:39]} {[%emt 00:01:57]} Ra2 {[%clk 01:17:54]} {[%emt 00:00:08]}
31. Rc1 {[%clk 00:00:53]} {[%emt 00:01:16]} Rxf2 {[%clk 01:18:02]} {[%emt
00:00:22]} 32. Rcc7 {[%clk 00:00:45]} {[%emt 00:00:38]} Rxg2+ {[%clk 01:18:23]}
{[%emt 00:00:08]} 33. Kf1 {[%clk 00:00:53]} {[%emt 00:00:23]} Rg3 {[%clk
01:17:42]} {[%emt 00:01:10]} 34. Rcd7 {[%clk 00:00:39]} {[%emt 00:00:46]} e3
{[%clk 01:17:55]} {[%emt 00:00:15]} 35. Rd8+ {[%clk 00:00:55]} {[%emt
00:00:15]} Kh7 {[%clk 01:18:20]} {[%emt 00:00:04]} 36. Rxd5 {[%clk 00:00:34]}
{[%emt 00:00:51]} Rf2+ {[%clk 01:18:44]} {[%emt 00:00:06]} 0-1

[Event "DEM U14 2024"]
[Site "Willingen GER"]
[Date "2024.05.22"]
[Round "6"]
[White "Sasse, Conan"]
[Black "Thümler, Floris"]
[Result "1/2-1/2"]
[Termination "normal"]
[Board "22"]
[WhiteElo "1779"]
[BlackElo "1938"]
[WhiteClock "00:31:51"]
[BlackClock "00:10:16"]
[PlyCount "76"]
[WhiteFideId "34684336"]
[BlackFideId "16296435"]
[EventCountry "GER"]
[EventRounds "9"]
[EventType "swiss"]
[EventDate "2024.05.18"]

1. c4 {[%clk 01:30:59]} {[%emt 00:00:01]} e6 {[%clk 01:30:57]} {[%emt
00:00:03]} 2. e4 {[%clk 01:30:45]} {[%emt 00:00:44]} d5 {[%clk 01:30:42]}
{[%emt 00:00:45]} 3. exd5 {[%clk 01:31:07]} {[%emt 00:00:08]} exd5 {[%clk
01:30:58]} {[%emt 00:00:15]} 4. cxd5 {[%clk 01:31:32]} {[%emt 00:00:04]} Nf6
{[%clk 01:31:07]} {[%emt 00:00:21]} 5. d4 {[%clk 01:31:16]} {[%emt 00:00:46]}
Nxd5 {[%clk 01:31:19]} {[%emt 00:00:18]} 6. Nf3 {[%clk 01:30:13]} {[%emt
00:01:33]} Bb4+ {[%clk 01:29:24]} {[%emt 00:02:25]} 7. Bd2 {[%clk 01:30:23]}
{[%emt 00:00:21]} O-O {[%clk 01:29:30]} {[%emt 00:00:23]} 8. Be2 {[%clk
01:30:37]} {[%emt 00:00:16]} Bxd2+ {[%clk 01:29:02]} {[%emt 00:00:58]} 9. Qxd2
{[%clk 01:31:02]} {[%emt 00:00:06]} Nc6 {[%clk 01:29:15]} {[%emt 00:00:16]} 10.
O-O {[%clk 01:31:00]} {[%emt 00:00:32]} Bg4 {[%clk 01:29:09]} {[%emt 00:00:35]}
11. Nc3 {[%clk 01:30:53]} {[%emt 00:00:38]} Re8 {[%clk 01:29:14]} {[%emt
00:00:25]} 12. h3 {[%clk 01:30:10]} {[%emt 00:01:13]} Bh5 {[%clk 01:29:30]}
{[%emt 00:00:14]} 13. Rfe1 {[%clk 01:29:25]} {[%emt 00:01:15]} Qd6 {[%clk
01:28:06]} {[%emt 00:01:53]} 14. Nxd5 {[%clk 01:16:11]} {[%emt 00:12:33]} Qxd5
{[%clk 01:27:48]} {[%emt 00:02:00]} 15. Qc3 {[%clk 01:13:32]} {[%emt 00:03:10]}
Rad8 {[%clk 01:20:18]} {[%emt 00:07:59]} 16. a3 {[%clk 01:08:28]} {[%emt
00:05:34]} h6 {[%clk 01:11:35]} {[%emt 00:09:13]} 17. Rad1 {[%clk 01:03:40]}
{[%emt 00:05:18]} Qd6 {[%clk 00:49:38]} {[%emt 00:22:24]} 18. Bb5 {[%clk
00:55:54]} {[%emt 00:08:19]} Rxe1+ {[%clk 00:48:11]} {[%emt 00:01:57]} 19. Rxe1
{[%clk 00:56:04]} {[%emt 00:00:20]} Bxf3 {[%clk 00:48:06]} {[%emt 00:00:34]}
20. Qxf3 {[%clk 00:56:21]} {[%emt 00:00:14]} Nxd4 {[%clk 00:46:16]} {[%emt
00:02:20]} 21. Qxb7 {[%clk 00:56:41]} {[%emt 00:00:10]} c6 {[%clk 00:42:33]}
{[%emt 00:04:12]} 22. Bc4 {[%clk 00:56:56]} {[%emt 00:00:15]} Rd7 {[%clk
00:40:16]} {[%emt 00:02:47]} 23. Qc8+ {[%clk 00:55:35]} {[%emt 00:01:52]} Kh7
{[%clk 00:37:21]} {[%emt 00:03:24]} 24. Qe8 {[%clk 00:54:22]} {[%emt 00:01:43]}
Kg6 {[%clk 00:31:27]} {[%emt 00:06:20]} 25. Re3 {[%clk 00:44:48]} {[%emt
00:10:09]} Qc7 {[%clk 00:26:40]} {[%emt 00:05:16]} 26. Rg3+ {[%clk 00:40:14]}
{[%emt 00:05:05]} Kh7 {[%clk 00:25:53]} {[%emt 00:01:17]} 27. Bd3+ {[%clk
00:40:18]} {[%emt 00:00:26]} f5 {[%clk 00:25:27]} {[%emt 00:00:54]} 28. Bc4
{[%clk 00:40:39]} {[%emt 00:00:10]} Rd8 {[%clk 00:22:31]} {[%emt 00:03:27]} 29.
Qg6+ {[%clk 00:38:04]} {[%emt 00:06:29]} Kh8 {[%clk 00:21:16]} {[%emt
00:00:09]} 30. Kh1 {[%clk 00:37:34]} {[%emt 00:00:08]} Qe7 {[%clk 00:19:40]}
{[%emt 00:01:10]} 31. Bf7 {[%clk 00:36:43]} {[%emt 00:01:23]} Qf8 {[%clk
00:16:26]} {[%emt 00:03:43]} 32. Re3 {[%clk 00:35:27]} {[%emt 00:01:47]} c5
{[%clk 00:13:28]} {[%emt 00:03:27]} 33. Re8 {[%clk 00:32:29]} {[%emt 00:03:29]}
Rxe8 {[%clk 00:11:59]} {[%emt 00:01:59]} 34. Bxe8 {[%clk 00:32:49]} {[%emt
00:00:10]} Qe7 {[%clk 00:11:55]} {[%emt 00:00:28]} 35. Qf7 {[%clk 00:32:58]}
{[%emt 00:00:26]} Qxf7 {[%clk 00:09:26]} {[%emt 00:02:59]} 36. Bxf7 {[%clk
00:33:21]} {[%emt 00:00:07]} Kh7 {[%clk 00:09:50]} {[%emt 00:00:07]} 37. Kg1
{[%clk 00:32:14]} {[%emt 00:01:37]} g5 {[%clk 00:09:52]} {[%emt 00:00:28]} 38.
Kf1 {[%clk 00:31:51]} {[%emt 00:00:53]} Kg7 {[%clk 00:10:16]} {[%emt 00:00:06]}
1/2-1/2

[Event "DEM U14 2024"]
[Site "Willingen GER"]
[Date "2024.05.22"]
[Round "6"]
[White "Bangert, Jonas"]
[Black "Ollhoff, Hannes"]
[Result "1-0"]
[Termination "normal"]
[Board "23"]
[WhiteElo "1772"]
[BlackElo "1755"]
[WhiteClock "00:20:38"]
[BlackClock "00:29:57"]
[PlyCount "111"]
[WhiteFideId "16289650"]
[BlackFideId "16266927"]
[EventCountry "GER"]
[EventRounds "9"]
[EventType "swiss"]
[EventDate "2024.05.18"]

1. d4 {[%clk 01:30:58]} {[%emt 00:00:02]} e6 {[%clk 01:30:53]} {[%emt
00:00:07]} 2. Nf3 {[%clk 01:31:18]} {[%emt 00:00:11]} d5 {[%clk 01:31:04]}
{[%emt 00:00:18]} 3. g3 {[%clk 01:31:04]} {[%emt 00:00:44]} Nf6 {[%clk
01:31:10]} {[%emt 00:00:23]} 4. Bg2 {[%clk 01:31:30]} {[%emt 00:00:05]} Be7
{[%clk 01:31:33]} {[%emt 00:00:06]} 5. O-O {[%clk 01:31:55]} {[%emt 00:00:06]}
O-O {[%clk 01:31:48]} {[%emt 00:00:15]} 6. c4 {[%clk 01:32:06]} {[%emt
00:00:19]} c6 {[%clk 01:31:56]} {[%emt 00:00:22]} 7. Qc2 {[%clk 01:31:26]}
{[%emt 00:01:11]} Nbd7 {[%clk 01:30:30]} {[%emt 00:01:54]} 8. Nbd2 {[%clk
01:31:17]} {[%emt 00:00:39]} b6 {[%clk 01:28:56]} {[%emt 00:02:04]} 9. e4
{[%clk 01:30:41]} {[%emt 00:01:07]} dxe4 {[%clk 01:26:24]} {[%emt 00:03:02]}
10. Nxe4 {[%clk 01:31:10]} {[%emt 00:00:02]} Bb7 {[%clk 01:26:10]} {[%emt
00:00:44]} 11. Rd1 {[%clk 01:26:08]} {[%emt 00:05:31]} Qc8 {[%clk 01:21:20]}
{[%emt 00:05:20]} 12. Bf4 {[%clk 01:13:18]} {[%emt 00:13:21]} Nxe4 {[%clk
01:16:54]} {[%emt 00:04:56]} 13. Qxe4 {[%clk 01:13:43]} {[%emt 00:00:04]} Nf6
{[%clk 01:17:11]} {[%emt 00:00:12]} 14. Qc2 {[%clk 01:08:40]} {[%emt 00:05:34]}
c5 {[%clk 01:14:38]} {[%emt 00:03:03]} 15. dxc5 {[%clk 00:56:18]} {[%emt
00:12:52]} Bxc5 {[%clk 01:14:05]} {[%emt 00:01:03]} 16. Ne5 {[%clk 00:52:26]}
{[%emt 00:04:22]} Bxg2 {[%clk 01:07:48]} {[%emt 00:06:47]} 17. Kxg2 {[%clk
00:52:50]} {[%emt 00:00:05]} Qb7+ {[%clk 01:06:37]} {[%emt 00:01:41]} 18. Kg1
{[%clk 00:51:29]} {[%emt 00:01:52]} Rfd8 {[%clk 01:03:14]} {[%emt 00:03:53]}
19. Qb3 {[%clk 00:34:37]} {[%emt 00:17:22]} Nh5 {[%clk 00:53:35]} {[%emt
00:10:09]} 20. Be3 {[%clk 00:30:26]} {[%emt 00:04:41]} Qc7 {[%clk 00:49:22]}
{[%emt 00:04:42]} 21. Bxc5 {[%clk 00:23:15]} {[%emt 00:07:42]} Qxc5 {[%clk
00:46:44]} {[%emt 00:03:08]} 22. Qb5 {[%clk 00:21:04]} {[%emt 00:02:41]} Qxb5
{[%clk 00:39:30]} {[%emt 00:07:44]} 23. cxb5 {[%clk 00:21:33]} {[%emt
00:00:01]} Rd5 {[%clk 00:37:07]} {[%emt 00:02:53]} 24. Rxd5 {[%clk 00:21:17]}
{[%emt 00:00:46]} exd5 {[%clk 00:37:31]} {[%emt 00:00:06]} 25. Rc1 {[%clk
00:14:39]} {[%emt 00:07:09]} f6 {[%clk 00:26:28]} {[%emt 00:11:31]} 26. Nd3
{[%clk 00:07:47]} {[%emt 00:07:23]} f5 {[%clk 00:22:01]} {[%emt 00:04:56]} 27.
Nb4 {[%clk 00:07:29]} {[%emt 00:00:49]} Nf6 {[%clk 00:21:20]} {[%emt 00:01:11]}
28. f3 {[%clk 00:07:45]} {[%emt 00:00:15]} Rd8 {[%clk 00:13:43]} {[%emt
00:08:06]} 29. Kf2 {[%clk 00:06:03]} {[%emt 00:02:12]} Rd7 {[%clk 00:10:48]}
{[%emt 00:03:25]} 30. Nc6 {[%clk 00:04:55]} {[%emt 00:01:38]} Kf8 {[%clk
00:08:02]} {[%emt 00:03:59]} 31. Ke3 {[%clk 00:03:49]} {[%emt 00:00:53]} d4+
{[%clk 00:03:27]} {[%emt 00:05:04]} 32. Kd3 {[%clk 00:03:32]} {[%emt 00:03:33]}
Nd5 {[%clk 00:02:47]} {[%emt 00:00:05]} 33. Rc4 {[%clk 00:03:25]} {[%emt
00:00:05]} Ne3 {[%clk 00:02:37]} {[%emt 00:00:06]} 34. Rxd4 {[%clk 00:03:30]}
{[%emt 00:00:03]} Rxd4+ {[%clk 00:02:27]} {[%emt 00:00:27]} 35. Kxd4 {[%clk
00:03:46]} {[%emt 00:00:14]} Nf1 {[%clk 00:02:34]} {[%emt 00:00:23]} 36. Nxa7
{[%clk 00:03:28]} {[%emt 00:00:48]} Nxh2 {[%clk 00:02:25]} {[%emt 00:00:38]}
37. Nc8 {[%clk 00:02:22]} {[%emt 00:01:37]} Nf1 {[%clk 00:02:27]} {[%emt
00:00:27]} 38. Nxb6 {[%clk 00:02:17]} {[%emt 00:00:36]} Ke7 {[%clk 00:02:41]}
{[%emt 00:00:15]} 39. g4 {[%clk 00:01:53]} {[%emt 00:00:55]} fxg4 {[%clk
00:02:21]} {[%emt 00:00:50]} 40. fxg4 {[%emt 00:00:01]} Nh2 {[%clk 00:02:44]}
{[%emt 00:00:07]} 41. a4 {[%clk 00:28:43]} {[%emt 00:04:10]} Kd8 {[%clk
00:30:40]} {[%emt 00:02:33]} 42. a5 {[%clk 00:28:41]} {[%emt 00:00:32]} Kc7
{[%clk 00:30:49]} {[%emt 00:00:21]} 43. Nd5+ {[%clk 00:29:00]} {[%emt
00:00:11]} Kb7 {[%clk 00:31:06]} {[%emt 00:00:13]} 44. Ne3 {[%clk 00:27:18]}
{[%emt 00:02:12]} g6 {[%clk 00:28:46]} {[%emt 00:02:50]} 45. Ke4 {[%clk
00:25:54]} {[%emt 00:01:54]} h5 {[%clk 00:28:32]} {[%emt 00:00:44]} 46. gxh5
{[%clk 00:25:47]} {[%emt 00:00:37]} gxh5 {[%clk 00:28:55]} {[%emt 00:00:06]}
47. Kf4 {[%clk 00:24:12]} {[%emt 00:02:06]} h4 {[%clk 00:28:54]} {[%emt
00:00:30]} 48. b6 {[%clk 00:22:12]} {[%emt 00:02:31]} Ka6 {[%clk 00:28:32]}
{[%emt 00:00:52]} 49. b4 {[%clk 00:21:57]} {[%emt 00:00:46]} Kb7 {[%clk
00:28:48]} {[%emt 00:00:13]} 50. b5 {[%clk 00:22:22]} {[%emt 00:00:05]} Kb8
{[%clk 00:29:10]} {[%emt 00:00:07]} 51. a6 {[%clk 00:22:26]} {[%emt 00:00:26]}
Ka8 {[%clk 00:29:31]} {[%emt 00:00:09]} 52. b7+ {[%clk 00:22:49]} {[%emt
00:00:07]} Ka7 {[%clk 00:29:51]} {[%emt 00:00:08]} 53. b6+ {[%clk 00:20:11]}
{[%emt 00:03:11]} Kb8 {[%clk 00:30:09]} {[%emt 00:00:12]} 54. Nc4 {[%clk
00:20:04]} {[%emt 00:00:34]} Nf3 {[%clk 00:29:33]} {[%emt 00:01:09]} 55. Kxf3
{[%clk 00:20:23]} {[%emt 00:00:11]} h3 {[%clk 00:29:57]} {[%emt 00:00:05]} 56.
Ne5 {[%clk 00:20:38]} {[%emt 00:00:16]} 1-0

[Event "DEM U14 2024"]
[Site "Willingen GER"]
[Date "2024.05.22"]
[Round "6"]
[White "Jablonski, Ture"]
[Black "Kaplan, Arne"]
[Result "0-1"]
[Termination "normal"]
[Board "25"]
[WhiteElo "1583"]
[BlackElo "1756"]
[WhiteClock "00:36:43"]
[BlackClock "00:24:06"]
[PlyCount "74"]
[WhiteFideId "34640452"]
[BlackFideId "34625194"]
[EventCountry "GER"]
[EventRounds "9"]
[EventType "swiss"]
[EventDate "2024.05.18"]

1. d4 {[%clk 01:30:58]} Nf6 {[%clk 01:30:51]} {[%emt 00:00:09]} 2. c4 {[%clk
01:31:24]} {[%emt 00:00:04]} e6 {[%clk 01:31:15]} {[%emt 00:00:07]} 3. g3
{[%clk 01:31:48]} {[%emt 00:00:05]} Bb4+ {[%clk 01:31:38]} {[%emt 00:00:07]} 4.
Bd2 {[%clk 01:31:11]} {[%emt 00:01:07]} Be7 {[%clk 01:31:55]} {[%emt 00:00:14]}
5. Bg2 {[%clk 01:31:11]} {[%emt 00:00:29]} d5 {[%clk 01:32:12]} {[%emt
00:00:14]} 6. Nf3 {[%clk 01:31:04]} {[%emt 00:00:37]} O-O {[%clk 01:32:22]}
{[%emt 00:00:20]} 7. Nc3 {[%clk 01:29:43]} {[%emt 00:01:51]} c6 {[%clk
01:31:59]} {[%emt 00:00:54]} 8. O-O {[%clk 01:23:16]} {[%emt 00:06:56]} Nbd7
{[%clk 01:32:05]} {[%emt 00:00:24]} 9. cxd5 {[%emt 00:03:41]} exd5 {[%clk
01:27:37]} {[%emt 00:03:07]} 10. Bf4 {[%clk 01:21:46]} {[%emt 00:00:39]} Re8
{[%emt 00:09:43]} 11. Rc1 {[%clk 01:14:23]} {[%emt 00:00:46]} Nf8 {[%clk
01:22:12]} {[%emt 00:03:50]} 12. Ne5 {[%clk 01:12:51]} {[%emt 00:02:02]} Ng6
{[%clk 01:21:53]} {[%emt 00:00:49]} 13. Nxg6 {[%clk 01:13:05]} {[%emt
00:00:15]} hxg6 {[%clk 01:22:00]} {[%emt 00:00:24]} 14. Na4 {[%clk 01:09:42]}
{[%emt 00:03:53]} Ne4 {[%clk 01:14:10]} {[%emt 00:08:19]} 15. Bxe4 {[%clk
01:04:25]} {[%emt 00:05:47]} dxe4 {[%clk 01:13:51]} {[%emt 00:00:49]} 16. Nc5
{[%clk 01:04:53]} {[%emt 00:00:03]} Bh3 {[%clk 01:05:53]} {[%emt 00:08:27]} 17.
Nxb7 {[%clk 00:51:04]} {[%emt 00:14:20]} Qb6 {[%clk 01:04:30]} {[%emt
00:01:53]} 18. Qb3 {[%clk 00:47:49]} {[%emt 00:03:45]} Bxf1 {[%clk 01:02:05]}
{[%emt 00:02:55]} 19. Kxf1 {[%clk 00:46:44]} {[%emt 00:01:34]} Qxb3 {[%clk
01:00:30]} {[%emt 00:02:06]} 20. axb3 {[%clk 00:47:08]} {[%emt 00:00:05]} g5
{[%clk 00:48:52]} {[%emt 00:12:08]} 21. Bd6 {[%emt 00:01:45]} Bxd6 {[%clk
00:37:09]} {[%emt 00:12:09]} 22. Nxd6 {[%clk 00:46:22]} {[%emt 00:00:05]} Re6
{[%clk 00:37:29]} {[%emt 00:00:10]} 23. Rxc6 {[%clk 00:43:18]} {[%emt
00:03:35]} Rd8 {[%clk 00:37:51]} {[%emt 00:00:08]} 24. Nb7 {[%clk 00:43:37]}
{[%emt 00:00:11]} Rxc6 {[%clk 00:38:05]} {[%emt 00:00:15]} 25. Nxd8 {[%clk
00:43:51]} Rd6 {[%clk 00:38:01]} {[%emt 00:00:50]} 26. Nb7 {[%clk 00:43:59]}
Rxd4 {[%clk 00:38:24]} {[%emt 00:00:30]} 27. Ke1 {[%clk 00:42:21]} Rd5 {[%clk
00:38:35]} {[%emt 00:02:27]} 28. b4 {[%clk 00:42:08]} Rb5 {[%clk 00:38:58]}
{[%emt 00:00:49]} 29. Na5 {[%clk 00:42:17]} Rxb4 {[%clk 00:36:31]} {[%emt
00:03:20]} 30. b3 {[%clk 00:41:36]} a6 {[%clk 00:35:18]} {[%emt 00:02:53]} 31.
Kd2 {[%clk 00:39:57]} {[%emt 00:02:09]} Rb5 {[%clk 00:34:06]} {[%emt 00:01:42]}
32. Nc4 {[%clk 00:39:55]} {[%emt 00:00:32]} Rxb3 {[%clk 00:29:44]} {[%emt
00:04:52]} 33. Nd6 {[%clk 00:39:43]} {[%emt 00:00:41]} a5 {[%clk 00:23:30]}
{[%emt 00:08:26]} 34. Nxe4 {[%clk 00:39:00]} {[%emt 00:00:09]} a4 {[%clk
00:23:54]} 35. Kc2 {[%clk 00:38:49]} {[%emt 00:00:07]} Rb4 {[%clk 00:23:46]}
{[%emt 00:00:36]} 36. Nd2 {[%clk 00:36:50]} {[%emt 00:02:32]} a3 {[%clk
00:23:44]} {[%emt 00:00:32]} 37. Nb3 {[%clk 00:36:43]} {[%emt 00:00:36]} a2
{[%clk 00:24:06]} {[%emt 00:00:08]} 0-1